01257nam a2200337 i 45000010005000000030009000050050017000140080041000310400042000720410008001140460009001220800007001312450119001382600056002573000028003133800016003413880014003573880014003714900079003856580028004646500013004927000034005057000043005397000045005827100042006278560097006698300078007669420012008449990015008569520048008717849KOSZ 00520200630132817.0950707s1969 pl f |000 0 pol d cKOSZ 005/HRaKOSZ 005/HRdKOSZ 005/HR apol k1969 a6200aPodstawowe problemy współczesnej techniki.nT.13 /c[red. Ignacy Malecki, Jan Pląskowski, Ariadna Karczewska. aWarszawa :bPaństwowe Wydawnictwo Naukowe,c1969. a182 s. :bil. ;c24 cm. aKsiążki a1901-2000 a1945-19891 aSeria Popularnonaukowa Wydziału Nauk Technicznych Polskiej Akademii Nauk. aInżynieria i technika 4aTechnika1 aKarczewska, AriadnaeRedakcja1 aMalecki, Ignacyd(1912-2004)eRedakcja1 aPląskowski, Jand(1904-1973)eRedakcja2 aPaństwowe Wydawnictwo Naukowe4pbl. uhttp://koha.tu.koszalin.pl/cgi-bin/koha/opac-detail.pl?biblionumber=7849yKatalog online BPK 0aSeria Popularnonaukowa Wydziału Nauk Technicznych Polskiej Akademii Nauk cKS2UKD c7849d7849 00104070aBPKbBPKcwo4092p02196619yKS